| 000 | 01135cab a2200265 4500 | ||
|---|---|---|---|
| 001 | WB3506-25 | ||
| 008 | 090401t xxu||||| |||| 00| 0 eng d | ||
| 035 | _a(Sirsi) u91274 | ||
| 041 | _aeng | ||
| 245 | _aMultilateral agreement on investment | ||
| 260 | _c(P/99/111) 8 February 1999(4) | ||
| 350 | _a0 | ||
| 490 |
_aEnvironmental Audit Committee News Release _v(4/98-9) 8 February 1999 |
||
| 490 |
_aDTI Press Notice _v(P/99/111) 8 February 1999(4) |
||
| 520 | _aThe Environmental Audit Committee has published a report on the Multilateral Agreement on Investement. They found that the MAI process does not reflect Rio commitments on sustainable development and the integration of the environment into policy making, and poses a risk to the conduct of environmental regulation. They consider it has been badly handled by the government. | ||
| 650 | _aENVIRONMENTAL POLICY | ||
| 650 | _aENVIRONMENTAL REGULATIONS | ||
| 650 | _aMAI | ||
| 650 | _aMULTILATERAL AGREEMENT ON INVESTMENT | ||
| 650 | _aOECD | ||
| 650 | _aRIO EARTH SUMMIT | ||
| 690 | _aENVIRONMENTAL AND LAND CONSULTANCY | ||
| 942 | _n0 | ||
| 948 | _c12/02/1999 | ||
| 999 |
_c57925 _d57925 |
||